Länder der Welt nach Grenzen in 90 Sekunden auf einer leeren Karte - Statistiken

Allgemein
  • Dieses Quiz wurde 585 mal gespielt
  • Das Durchschnittsergebnis liegt bei 110 aus 157
Antworten auf der Karte
Die Antworten werden auf der Karte rot bzw. grün angezeigt, abhängig davon wie oft sie richtig erraten wurden.
 
Antwortstatistiken
Land % Korrekt
Frankreich
97%
Polen
96%
Kanada
95%
Mexiko
95%
Russland
95%
Vereinigte Staaten
95%
Brasilien
94%
China
94%
Deutschland
94%
Kasachstan
94%
Mongolei
94%
Nordkorea
94%
Argentinien
92%
Aserbaidschan
92%
Bolivien
92%
Pakistan
92%
Schweiz
92%
Indien
91%
Österreich
91%
Ukraine
91%
Finnland
90%
Kolumbien
90%
Myanmar
90%
Nepal
90%
Norwegen
90%
Paraguay
90%
Peru
90%
Tschechien
90%
Belarus
89%
Belgien
89%
Bhutan
89%
Suriname
89%
Dänemark
88%
Libyen
88%
Luxemburg
88%
Niederlande
88%
Afghanistan
87%
Demokratische Republik Kongo
87%
Litauen
87%
Sambia
87%
Uruguay
87%
Algerien
86%
Georgien
86%
Sudan
86%
Südsudan
86%
Venezuela
86%
Zentralafrikanische Republik
86%
Kamerun
85%
Tansania
85%
Angola
84%
Guyana
84%
Lettland
84%
Republik Kongo
84%
Spanien
84%
Mali
83%
Namibia
83%
Niger
83%
Türkei
83%
Uganda
83%
Botswana
82%
Estland
82%
Irak
82%
Laos
82%
Marokko
82%
Mauretanien
82%
Iran
81%
Südafrika
81%
Tschad
81%
Gabun
80%
Mosambik
80%
Ruanda
80%
Simbabwe
80%
Ägypten
79%
Burkina Faso
79%
Burundi
79%
Italien
79%
Eswatini
78%
Lesotho
76%
Vietnam
76%
Tadschikistan
75%
Kirgisistan
74%
Nigeria
73%
Armenien
72%
Andorra
71%
Bulgarien
71%
Äthiopien
70%
Guatemala
70%
Saudi-Arabien
70%
Turkmenistan
70%
Ungarn
70%
Vereinigtes Königreich
70%
Jordanien
69%
Slowenien
69%
Costa Rica
68%
Panama
67%
Benin
65%
Elfenbeinküste
65%
Honduras
65%
Kuwait
65%
Malaysia
64%
Portugal
64%
Rumänien
64%
Griechenland
63%
Oman
63%
Serbien
63%
Vereinigte Arabische Emirate
63%
Jemen
62%
Kenia
62%
Senegal
62%
Guinea
61%
Nordmazedonien
61%
Katar
60%
Nicaragua
60%
Slowakei
59%
Belize
58%
Chile
58%
Indonesien
57%
Israel
57%
Somalia
57%
Kroatien
55%
Syrien
55%
Montenegro
54%
San Marino
54%
Vatikanstadt
54%
Eritrea
53%
Ghana
53%
Osttimor
53%
Papua-Neuguinea
53%
Schweden
53%
Togo
53%
Bangladesch
52%
Thailand
51%
El Salvador
50%
Sri Lanka
50%
Bosnien und Herzegowina
49%
Ecuador
47%
Kosovo
47%
Dschibuti
44%
Kambodscha
44%
Tunesien
43%
Usbekistan
43%
Albanien
41%
Irland
39%
Moldawien
36%
Malawi
33%
Monaco
32%
Dominikanische Republik
29%
Haiti
29%
Guinea-Bissau
28%
Liberia
28%
Südkorea
26%
Sierra Leone
25%
Gambia
23%
Liechtenstein
23%
Libanon
22%
Brunei
18%
Äquatorial-Guinea
17%
Keine übereinstimmenden Quizze gefunden
Verteilung der Resultate
Anzahl Personen mit jedem Resultat
Perzentil nach korrekt beantworteten Fragen
Ihre Resultats-Entwicklung
Sie haben dieses Quiz noch nicht gespielt